Historical witness to ethnic equality,unity and development in xinjiang (Record no. 591126)
[ view plain ]
| 000 -LEADER | |
|---|---|
| fixed length control field | 00289nam a22001097a 4500 |
| 040 ## - CATALOGING SOURCE | |
| Transcribing agency | SCME |
| 100 ## - MAIN ENTRY--PERSONAL NAME | |
| Personal name | Xinjiang |
| 9 (RLIN) | 97653 |
| 245 ## - TITLE STATEMENT | |
| Title | Historical witness to ethnic equality,unity and development in xinjiang |
| 260 ## - PUBLICATION, DISTRIBUTION, ETC. | |
| Place of publication, distribution, etc. | China |
| Name of publisher, distributor, etc. | Foreign language press |
| 300 ## - PHYSICAL DESCRIPTION | |
| Extent | 55p. |
| 942 ## - ADDED ENTRY ELEMENTS (KOHA) | |
| Source of classification or shelving scheme | |
| Koha item type | Book |
| Withdrawn status | Lost status | Source of classification or shelving scheme | Damaged status | Not for loan | Permanent Location | Current Location | Shelving location | Date acquired | Total Checkouts | Full call number | Barcode | Date last seen | Price effective from | Koha item type |
|---|---|---|---|---|---|---|---|---|---|---|---|---|---|---|
| School of Chemical & Materials Engineering (SCME) | School of Chemical & Materials Engineering (SCME) | Book Cart | 08/17/2022 | 352.01516 X6H | SCME-D264 | 08/17/2022 | 08/17/2022 | Book | ||||||
| School of Chemical & Materials Engineering (SCME) | School of Chemical & Materials Engineering (SCME) | 08/17/2022 | 352.01516 X6H | SCME-D265 | 08/17/2022 | 08/17/2022 | Book | |||||||
| School of Chemical & Materials Engineering (SCME) | School of Chemical & Materials Engineering (SCME) | 08/17/2022 | 352.01516 X6H | SCME-D266 | 08/17/2022 | 08/17/2022 | Book |
